| 000 | 00665nam a2200205 i 4500 | ||
|---|---|---|---|
| 001 | 128477 | ||
| 003 | ES-MaACL | ||
| 007 | t| | ||
| 008 | 070514s1982 sp ||||1| spa d | ||
| 080 | _a617.55-073.432.19 | ||
| 100 | 1 |
_aTaboury, J. _9109041 |
|
| 245 | 1 | 0 |
_aGuía práctica de ecografía abdominal / _cpor J. Taboury ; prefacio de J. Chalut ; versión de Fausto Gimeno Solsona. |
| 250 | _a1ª ed. | ||
| 260 |
_a[Barcelona] : _bToray-Masson, _c[1982] |
||
| 300 |
_aXI, 154 p. : _bil. ; _c26 cm. |
||
| 650 | 1 | 4 |
_aAbdomen- _xEcografía. _99560 |
| 700 | 1 |
_aChalut, J. _937836 |
|
| 700 | 1 |
_aGimeno Solsona, Fausto. _957098 |
|
| 852 |
_aES-MaACL _jL-4057 _bR.104557 |
||
| 999 |
_c128477 _d128477 |
||